| 000 | 00872nam a2200193 a 4500 | ||
|---|---|---|---|
| 005 | 20140412111336.0 | ||
| 008 | 031017s19uu xx 00 eng d | ||
| 020 | _a0-02-831064-0 | ||
| 050 |
_aTR(GS 372.4 _bA19 2000 |
||
| 100 | _aAdams, Marilyn Jager | ||
| 245 |
_aReading and writing workbook (orange) : _cMarilyn Jager Adams & et al. _blevel 1-1 workbook 1 / |
||
| 260 |
_aColumbus, Ohio : _bSRA/McGraw-Hill, _c2000. |
||
| 300 | _a282 p. ; ill. | ||
| 440 | _aSRA: Open Court Reading | ||
| 500 | _aContents: Unit 1 Capital & Small Letters ; Unit2 Synonyms, Capitalization--Opposites--Regular Plurals--Main Idea and Details--Connecting Words--Verbs--Position Words--Adjectives ; Unit 3 Consonant Digraphs--Initial and Final Blends--Controlled vowels /wh/ and /w/ | ||
| 650 | _aReading--Study and teaching | ||
| 650 | _aWriting--Study and teaching | ||
| 999 |
_c105029 _d105029 |
||